Datum a čas kvízu
34.5
Celkem bodů
Celkový počet nahraných bodů na tomto kvízu bez doplňovacích otázek.
6.
Pořadí na kvízu
Konečné umístění týmu na tomto kvízu.
Zaznamenané odpovědi
| # | Otázka | Odpověď | Body | Výsledky |
|---|---|---|---|---|
| 1. | Jak se nazývá státní vyznamená... | Řád Tomáše Garrigua Masaryka (1. třídy) | 0 | |
| 2. | O víkendu se v Rusku konaly pr... | Poledne proti Putinovi | 1 | |
| 3. | Organizace UNESCO přidala na s... | v Berlíně | 1 | |
| 4. | Některé provozovny jistého řet... | McDonald's | 1 | |
| 5. | Český útočník Patrik Schick se... | Karabach | 0 | |
| 6. | Téma začneme v Evropě. Seřaďte... | 1C 2D 3A 4B | 1 | |
| 7. | V čele kterého ostrovního stát... | Kuba | 0 | |
| 8. | Které z těchto zvířat nežije p... | C | 1 | |
| 9. | Kolik ostrovních států se nach... | jeden | 0 | |
| 10. | Jak se jmenuje ostrovní stát,... | Papua Nová Guinea | 0 |